[Event "MetroWest CC-ch"]
[Site "Natick"]
[Date "2012.05.08"]
[Round "2"]
[White "Bisguier, Arthur Bernard"]
[Black "Fauman, Charlie D"]
[Result "0-1"]
[WhiteElo "2200"]
[BlackElo "2033"]
[PlyCount "68"]
[EventDate "2012.05.01"]
[EventType "tourn"]
[EventRounds "5"]
[EventCountry "USA"]
[SourceTitle "EXT 2023"]
[Source "ChessBase"]
[SourceDate "2022.10.05"]
[SourceVersion "1"]
[SourceVersionDate "2022.10.05"]
[SourceQuality "1"]

1. e4 c5 2. f4 Nc6 3. Bb5 g6 4. Nf3 Bg7 5. 0-0 a6 6. Bxc6 dxc6 7. d3 Nf6 8. Nc3 Bg4 9. Qe1 Bxf3 10. Rxf3 Qc7 11. Be3 Nd7 12. Kh1 0-0-0 13. Rb1 h6 14. Na4 g5 15. f5 Bd4 16. Rf1 b5 17. Nc3 Nf6 18. Qe2 Ng4 19. Qxg4 Bxe3 20. Rbe1 h5 21. Qe2 Bd4 22. e5 f6 23. exf6 exf6 24. Qe6+ Kb7 25. Ne4 c4 26. dxc4 Rhe8 27. Qxe8 Rxe8 28. Nd6+ Qxd6 29. Rxe8 Bxb2 30. cxb5 axb5 31. Rh8 h4 32. Rh7+ Kb6 33. h3 Qc5 34. Rh6 Bc3 0-1